Beautiful book bindings (Record no. 18300)

MARC details
000 -LEADER
fixed length control field 00517nam a2200181Ia 4500
003 - CONTROL NUMBER IDENTIFIER
control field IN-BaIIA
008 - FIXED-LENGTH DATA ELEMENTS--GENERAL INFORMATION
fixed length control field 211028s9999 xx 000 0 eng d
020 ## - INTERNATIONAL STANDARD BOOK NUMBER
International Standard Book Number 978-1-58456-293-1
040 ## - CATALOGING SOURCE
Transcribing agency IIA Library
080 ## - UNIVERSAL DECIMAL CLASSIFICATION NUMBER
Universal Decimal Classification number 25.7
Item number MAR
100 ## - MAIN ENTRY--PERSONAL NAME
Personal name Marks, P. J. M
9 (RLIN) 35029
245 #0 - TITLE STATEMENT
Title Beautiful book bindings
Remainder of title a thousand years of the bookbinder's art
Statement of responsibility, etc. P. J. M. Marks
260 ## - PUBLICATION, DISTRIBUTION, ETC.
Place of publication, distribution, etc. London
Name of publisher, distributor, etc. The British library
Date of publication, distribution, etc. 2011
300 ## - PHYSICAL DESCRIPTION
Extent 192p.
650 ## - SUBJECT ADDED ENTRY--TOPICAL TERM
Topical term or geographic name entry element Book Binders
9 (RLIN) 35030
650 ## - SUBJECT ADDED ENTRY--TOPICAL TERM
Topical term or geographic name entry element Book bindings
9 (RLIN) 35031
942 ## - ADDED ENTRY ELEMENTS (KOHA)
Koha item type Books
Holdings
Withdrawn status Lost status Damaged status Not for loan Home library Current library Shelving location Date acquired Source of acquisition Cost, normal purchase price Total Checkouts Full call number Barcode Date last seen Cost, replacement price Price effective from Koha item type Purchase Price
        IIA Library-Bangalore IIA Library-Bangalore General Stacks 25/06/2012 SBA 2638.00   025.7/ MAR 19222 05/11/2021 2638.00 25/06/2012 Books Rs. 2638.00

Powered by Koha